Tvorba stratégie z pohľadu malých a stredných podnikov
Možné prístupy k tvorbe stratégie v teoretickej rovine. Praktická prezentácia výsledku výskumu realizovaného na vzorke 200 náhodne vybraných malých a stredných podnikoch pôsobiacich v Košickom kraji. Za účelom získavania primárnych údajov bola využitá technika dotazníka s prevažne uzavretými typmi o...
Salvato in:
| Autore principale: | |
|---|---|
| Natura: | Capitolo di libro |
| Lingua: | slovacco |
| Soggetti: | |
| Tags: |
Nessun Tag, puoi essere il primo ad aggiungerne!!
|
MARC
| LEADER | 00000naa$a2200000$$$4500 | ||
|---|---|---|---|
| 001 | 0050836 | ||
| 005 | 20240502083133.8 | ||
| 041 | 0 | |a slo | |
| 044 | |a CZ | ||
| 245 | 1 | 0 | |a Tvorba stratégie z pohľadu malých a stredných podnikov |c Aneta Hintošová |
| 520 | |a Možné prístupy k tvorbe stratégie v teoretickej rovine. Praktická prezentácia výsledku výskumu realizovaného na vzorke 200 náhodne vybraných malých a stredných podnikoch pôsobiacich v Košickom kraji. Za účelom získavania primárnych údajov bola využitá technika dotazníka s prevažne uzavretými typmi otázok. Spracovanie získaných údajov bolo realizované prostredníctvom metód deskriptívnej a induktívnej štatistiky. | ||
| 610 | 2 | 0 | |a Slovensko |
| 610 | 2 | 0 | |a stratégia podnikateľská |
| 610 | 2 | 0 | |a stratégia podniková |
| 610 | 2 | 0 | |a podnik malý |
| 610 | 2 | 0 | |a podnik stredný |
| 610 | 2 | 0 | |a metódy štatistické |
| 610 | 2 | 0 | |a prieskum informačný |
| 610 | 2 | 0 | |a dotazníky |
| 100 | 1 | |a Hintošová, Aneta, 1979- | |